| 000 | 00677nam a22001937a 4500 | ||
|---|---|---|---|
| 999 |
_c188127 _d188127 |
||
| 005 | 20220510154632.0 | ||
| 010 | _aUR-11542 | ||
| 020 |
_c400.00 _a9789390579167 |
||
| 035 | _aU-10097 | ||
| 037 |
_bDBAD/PUB _a- |
||
| 082 |
_a841 _2Ist |
||
| 100 | _aز بير حسن بجنو ر ی | ||
| 245 |
_aآ ينہء (شعر ی مجمو عہ) _c ز بير حسن بجنو ر ی _hا ر د و |
||
| 246 |
_bAyna (Urdu) _aby Zuber Hasan Bijnori |
||
| 260 |
_aN.Delhi _bApplied Books _c2021ء |
||
| 270 |
_a1739/104,M.P. Street Pataudi House Darya Ganj , _bNew Delhi _e110002 _k23266347 _l- |
||
| 300 |
_a248 ص _c22 Cm(Hb) |
||
| 942 |
_2ddc _cUR _h841 _mز ب ے |
||